Statistics for Most Liked Countries by Americans

Click here to take the quiz!

General Stats

  • This quiz has been taken 134 times
  • The average score is 9 of 12

Answer Stats

Approval RatingAnswer% Correct
92%Canada
98%
91%United Kingdom
97%
83%France
96%
82%Germany
90%
85%Japan
89%
64%Mexico
88%
74%India
70%
71%Israel
61%
51%Cuba
48%
52%Egypt
43%
73%Taiwan
41%
71%Philippines
35%

Score Distribution

Percentile by Number Answered

Percent of People with Each Score

Your Score History

You have not taken this quiz